Szczegóły MARC21

Ekonomiczne i społeczne aspekty integracji Polski z Unią Europejską : materiały z międzynarodowej konferencji naukowej zorganizowanej przez Katedrę Mikroekonomii i Katedrę Socjologii i Polityki Społecznej Akad emii Ekonomicznej im.Oskara Langego we Wrocławiu oraz Instytut Nauk Ek onomicznych Uniwersytetu Wrocławskiego, Krzy

005 -DATA I CZAS OSTATNIEJ MODYFIKACJI [,]
    • @
    • pole kontrolne
    • 20070315155141.9
040 -Instytucja sporządzająca opis [ , ]
    • a
    • Instytucja, która sporządziła opis (NP)
    • SZCZ U
    • c
    • Instytucja, która sporządziła rekord (NP)
    • SZCZ U
041 -Język dokumentu [0, ]
    • a
    • Język tekstu (P)
    • polski
    • h
    • Język tekstu oryginalnego i/lub pośredniego (P)
    • polski
942 -Rodzaj dokumentu [ , ]
    • c
    • Rodzaj dokumentu
    • Książka
245 -Strefa tytułu i oznaczenia odpowiedzialności [0, ]
    • a
    • Tytuł
    • Ekonomiczne i społeczne aspekty integracji Polski z Unią Europejską : Find
    • b
    • Ciąg dalszy tytułu (NP)
    • materiały z międzynarodowej konferencji naukowej zorganizowanej przez Katedrę Mikroekonomii i Katedrę Socjologii i Polityki Społecznej Akad emii Ekonomicznej im.Oskara Langego we Wrocławiu oraz Instytut Nauk Ek onomicznych Uniwersytetu Wrocławskiego, Krzy Find
    • c
    • Pozostałe elementy strefy tytułu i oznaczenia odpowiedzialności (NP)
    • red. nauk. Bożena Klimczak, Leon Olszewski, Zdzisław Pisz.
260 -Strefa adresu wydawniczego [ , ]
    • a
    • Miejsce wydania (P)
    • Wrocław :
    • b
    • Nazwa wydawcy (P)
    • Wydaw.AE
    • c
    • Data wydania (P)
    • 2000.
300 -Strefa opisu fizycznego [ , ]
    • a
    • Określenie formy książki i/lub objętość (NP)
    • 249 s. :
    • b
    • Oznaczenie ilustracji (NP)
    • wykr. :
    • c
    • Format (NP)
    • 24 cm.
490 -Strefa serii i książki wielotomowej - forma nie do wyszukiwania [0, ]
    • a
    • Tytuł (P)
    • (Prace Naukowe Akademii Ekonomicznej im.Oskara Langego we Wrocławiu ; Find
    • x
    • ISSN (NP)
    • 0324-8445)
    • v
    • Numeracja (P)
    • nr 858,
500 -Uwaga ogólna [ , ]
    • a
    • Uwaga ogólna (NP)
    • Bibliogr
080 -Uniwersalna Klasyfikacja Dziesiętna [ , ]
    • a
    • Symbol klasyfikacji
    • 338.22(438)"1989/..."
080 -Uniwersalna Klasyfikacja Dziesiętna [ , ]
    • a
    • Symbol klasyfikacji
    • :[339.923:061.1A/Z(4-67)"1989/..."
980 -Symbol UKD [ , ]
    • a
    • UKD
    • 338.22(438)"1989/...":[339.923:061.1A/Z](4-67)"1989/..."
700 -Hasło dodatkowe - nazwa osobowa [ , ]
    • a
    • Nazwa osobowa (NP)
    • Klimczak Bożena Find
700 -Hasło dodatkowe - nazwa osobowa [ , ]
    • a
    • Nazwa osobowa (NP)
    • Olszewski Leon Find
700 -Hasło dodatkowe - nazwa osobowa [ , ]
    • a
    • Nazwa osobowa (NP)
    • Pisz Zdzisław Find
Lokalizacja Data inwentaryzacji Status udost. Numer inwentarzowy
BE2001-06-20-3S.88034